000 00718nam a2200253 a 4500
001 66037
003 BD-RjUL
005 20211209081508.0
008 170313s1964 enka b 001 0 eng
035 _a(BD-RjUL)66167
040 _aDLC
_cOClU
_dBD-RjUL
_beng
041 _aeng
082 _a595.77
_223
_bOLN 1964
100 1 _aOldroyd, Harold.
_9195329
245 1 4 _aThe natural history of flies /
_cHarold Oldroyd,
260 _aLondon :
_bWeidenfeld and Nicolson,
_cc1964
300 _axiv, 324 p. :
_bill. ;
_c25 cm.
500 _aInclude index
504 _aBibliography: p. 285-300.
650 0 _aDiptera.
_9195331
650 0 _aFlies.
_9195332
942 _2ddc
_cBK
999 _c66037
_d66037